000 01442cam a2200325 i 4500
001 20669584
003 NUST
005 20220817124620.0
008 180914s2018 enka j d 000 0 eng
010 _a 2018288471
020 _a9780192767226
_q(hardcover)
020 _a9780192767233
_q(paperback)
040 _aDLC
_beng
_cDLC
_erda
_dDLC
042 _apcc
050 0 0 _aPE1628.5
_bO95 2018
082 0 0 _a423, OXF
_223/eng/20220324
245 0 0 _aOxford junior illustrated dictionary.
246 3 0 _aJunior illustrated dictionary.
264 1 _aOxford, United Kingdom :
_bOxford University Press,
_c2018.
300 _a272 pages :
_bcolor illustrations ;
_c26 cm.
336 _atext
_btxt
_2rdacontent
337 _aunmediated
_bn
_2rdamedia
338 _avolume
_bnc
_2rdacarrier
505 _aHow to use this dictionary (Page-4), A-Z (Page-5-261), Words we use a lot (Page-262), Contractions (Page-262), Punctuation (Page-263), Grammar (Page-264), Prefixes and Suffixes (Page-265), Numbers (Page-266), Shapes (Page-267), Time (Page-268), Days, months, seasons, topics (Page-269), Fruits and vegetables (Page-270),Part of the body (272).
650 0 _aEnglish language
_vDictionaries, Juvenile.
_997779
655 7 _aDictionaries.
_2lcgft
_918689
906 _a7
_bcbc
_corigres
_d2
_encip
_f20
_gy-gencatlg
942 _2ddc
_cBK
999 _c591166
_d591166